The earth system. (3rd edition) (Record no. 40629)

MARC details
000 -LEADER
fixed length control field 00687nam a2200193 a 4500
008 - FIXED-LENGTH DATA ELEMENTS--GENERAL INFORMATION
fixed length control field 170123s2014 ||||||||||||||||| || u
020 ## - INTERNATIONAL STANDARD BOOK NUMBER
International Standard Book Number 9781292021638
050 ## - LIBRARY OF CONGRESS CALL NUMBER
Classification number QH 331 Kum
100 ## - MAIN ENTRY--PERSONAL NAME
Personal name Kasting, James F.
245 14 - TITLE STATEMENT
Title The earth system. (3rd edition)
Statement of responsibility, etc. By Lee R. Kump, James F. Kasting [and] Robert G. Crane
250 ## - EDITION STATEMENT
Edition statement 3rd ed.
260 ## - PUBLICATION, DISTRIBUTION, ETC.
Place of publication, distribution, etc. Harlow
Name of publisher, distributor, etc. Pearson Education Limited
Date of publication, distribution, etc. 2014
300 ## - PHYSICAL DESCRIPTION
Extent 462p.: ill.
650 ## - SUBJECT ADDED ENTRY--TOPICAL TERM
Topical term or geographic name entry element EARTH SCIENCE
650 ## - SUBJECT ADDED ENTRY--TOPICAL TERM
Topical term or geographic name entry element GAIA HYPONTHESIS
700 ## - ADDED ENTRY--PERSONAL NAME
Personal name Kump, Lee R
700 ## - ADDED ENTRY--PERSONAL NAME
Personal name Crane, Robert G.
995 ## - RECOMMENDATION 995 [LOCAL, UNIMARC FRANCE]
-- CBU-MAIN LIBRARY (Kitwe)
-- 1
-- AVAILABLE
-- Feb 22, 2017
-- Main Library Open Access Collection
Holdings
Withdrawn status Lost status Source of classification or shelving scheme Damaged status Not for loan Home library Current library Shelving location Date acquired Total Checkouts Full call number Barcode Date last seen Price effective from Koha item type
          CBU-MAIN LIBRARY, KITWE. CBU-MAIN LIBRARY, KITWE.   11/30/2022   QH 331 Kum 747656 11/30/2022 11/30/2022 MONOGRAPH